1681 1218 1873 1225 1794 1129 1046 1008 1082 1060 1201 1699 1538 1148 1058 1931 1061 1314 1900 1380 1345 1070 1473 1700 1150 1452 1199 1987 1594 1037 1204 1391 1116 1199 1246 1710 1090 1983 1860 1118 1443 1361 1723 1380 1482 1969 1385 1953 1066 1517 1733 1904 1007 1386 1569 1877 1075 1655 1586 1114 1451 1755 1443 1337 1860 1823 1081 1415 1613 1958 1304 1193 1072 1177 1883 1726 1374 1169 1188 1327 1361 1641 1876 1532 1856 1669 1323 1540 1711 1053 1007 1927 1260 1198 1603 1497 1675 1405 1192 BCNSPRNW ULIB Ver.6.0+V

เปลี่ยนเป็นภาษาไทย

Change to English
 แสดงรายละเอียดบรรณานุกรม
  กลับหน้าหลัก

Brief Record : Get Marc (ISO 2709) : E-mail record : QR code < ปิดหน้าต่าง
LEADER : 00000nam 2200000uu 4500
001    13399113964
003     ULIB
008    120118s2553||||th 000 0 tha d
020    ^a9789747808483
060  4 ^aWM140^bธ343ท
100 0  ^aธิติพันธ์ ธานีรัตน์
245 00 ^aทฤษฎีพื้นฐานเกี่ยวกับบุคลิกภาพผิดปกติในทางจิตเวช/^cธิติพันธ์ ธานีรัตน์
260    ^aกรุงเทพฯ :^bร้านพุ่มทอง,^c2553
300    ^a136 หน้า:^bภาพประกอบ,^c21 ซม.
650  7 ^aบุคลิกภาพ^xความผิดปกติ
945    ^p275^l0^i18665
945    ^p275^l0^i18666
995    ^aกัณชพร
999    ^aใช้งานได้ทุกระบบ
รายการนี้ยังไม่มีแท็ก
คุณยังไม่ได้ล็อกอิน คุณสามารถมีกิจกรรมร่วมกับเว็บไซต์ได้ แต่ต้องล็อกอินก่อน ::
  ล็อกอิน

รายการสื่อสารสนเทศ

ลำดับที่ ประเภท เลขเรียก/บาร์โค้ด สถานที่ สถานะ
1. วิทยาศาสตร์การแพทย์ และสุขภาพ
วิทยาศาสตร์การแพทย์ และสุขภาพ
สถานะ=หนังสือเก่า
WM140 ธ343ท  
  Barcode: 18665
ห้องสมุดวิทยาเขตนครสวรรค์
►ส่วนจัดเก็บหนังสือเก่า นว.
บนชั้น
  ขอยืม
2. วิทยาศาสตร์การแพทย์ และสุขภาพ
วิทยาศาสตร์การแพทย์ และสุขภาพ
สถานะ=หนังสือเก่า
WM140 ธ343ท ฉ.2 
  Barcode: 18666
ห้องสมุดวิทยาเขตนครสวรรค์
►ส่วนจัดเก็บหนังสือเก่า นว.
บนชั้น
  ขอยืม

รายการใกล้เคียง
    ผู้แต่ง [ธิติพันธ์ ธานีรัตน์]

BibComment


ยังไม่เคยถูกคอมเมนท์

คอมเมนท์ทรัพยากรรายการนี้
  คอมเมนท์: ทฤษฎีพื้นฐานเกี่..


 Copyright 2026. Bcnsprnw @Library